000 00659cam a22002294a 4500
008
020 _a0750648511 (pbk.)
049 _aMAIN
090 _aVM156
_bBET
100 1 _aBertram, Volker.
245 1 0 _aPractical ship hydrodynamics /
_cVolker Bertram.
260 _aOxford :
_bButterworth-Heinemann,
_c2000.
300 _ax, 270 p. :
_bill. ;
_c24 cm.
504 _aIncludes bibliographical references.
500 _aIncludes index.
650 0 _aShips
_xHydrodynamics.
907 _a.b10171575
_b21-02-13
_c17-08-05
003
005 20230123134049.0
040 _cNUST
942 _cBOOKS
_kVM156
_mBET
999 _c159401
_d159401